000 00568nam a2200205Ia 4500
003 OSt
005 20230418142308.0
008 210423s2006 xx 000 0 und d
020 _a0-908537-25-5
040 _cAL
041 _aeng
082 _a428.076
_223
_bCAMP
100 _aCAMERON (Penny);TODD (Vanessa)
_990009
245 _aprepare for IELTS: academic practice tests
260 _aAustralia
_bAcademic Press
_c2006
300 _a220
_bPB
650 _aEnglish Usage
_990010
906 _aacademic ; IELTS: ; practice ; prepare ; tests
942 _2ddc
_cBK
999 _c170039
_d170039